000 00459nam a2200181Ia 4500
003 GCL
008 140319s9999 xx 000 0 eng d
040 _aGCL /
_cGCL
082 0 4 _a822
_bC W
100 1 _aCOLLINS, WILTIS
245 1 0 _aTHE WOMAN IN WHITE /
_cCOLLINS, WILTIS
260 _a[S.N] :
_bDAILY EXPRESS PUBLICATIONS ،
_c1933
300 _a639 P
650 0 4 _aENGLISH LITERATURE
650 0 4 _aLITERATURE
650 0 4 _aFICTION
942 _2ddc
_cBK
999 _c19439
_d19439